NHK 連続テレビ小説 歴代タイトル - Statistics

General Stats
  • This quiz has been taken 241 times
    18 since last reset
  • The average score is 20 of 116
Answer Stats
Hint Answer % Correct
88 あまちゃん
88%
31 おしん
75%
82 ゲゲゲの女房
69%
91 マッサン
69%
102 エール
69%
105 カムカムエヴリバディ
69%
112 あんぱん
69%
87 純と愛
63%
98 半分、青い。
63%
93 あさが来た
56%
99 まんぷく
56%
106 ちむどんどん
56%
110 虎に翼
56%
64 ちゅらさん
50%
85 カーネーション
50%
89 ごちそうさん
50%
100 なつぞら
50%
113 ばけばけ
50%
114 風、薫る
50%
86 梅ちゃん先生
44%
90 花子とアン
44%
94 とと姉ちゃん
44%
96 ひよっこ
44%
101 スカーレット
44%
107 舞いあがれ!
44%
111 おむすび
44%
92 まれ
38%
97 わろてんか
38%
103 おちょやん
38%
108 らんまん
38%
95 べっぴんさん
31%
104 おかえりモネ
31%
109 ブギウギ
31%
52 春よ、来い
25%
83 てっぱん
25%
54 ひまわり
19%
66 さくら
19%
77 ちりとてちん
19%
84 おひさま
19%
1 娘と私
13%
63 オードリー
13%
67 まんてん
13%
79 だんだん
13%
10
6%
14 鳩子の海
6%
17 雲のじゅうたん
6%
28 本日も晴天なり
6%
46 君の名は
6%
48 ひらり
6%
55 ふたりっ子
6%
60 すずらん
6%
62 私の青空
6%
73 風のハルカ
6%
75 芋たこなんきん
6%
76 どんど晴れ
6%
80 つばさ
6%
81 ウェルかめ
6%
115 ブラッサム
6%
2 あしたの風
0%
3 あかつき
0%
4 うず潮
0%
5 たまゆら
0%
6 おはなはん
0%
7 旅路
0%
8 あしたこそ
0%
9 信子とおばあちゃん
0%
11 繭子ひとり
0%
12 藍より青く
0%
13 北の家族
0%
15 水色の時
0%
16 おはようさん
0%
18 火の国に
0%
19 いちばん星
0%
20 風見鶏
0%
21 おていちゃん
0%
22 わたしは海
0%
23 マー姉ちゃん
0%
24 鮎のうた
0%
25 なっちゃんの写真館
0%
26 虹を織る
0%
27 まんさくの花
0%
29 ハイカラさん
0%
30 よーいドン
0%
32 ロマンス
0%
33 心はいつもラムネ色
0%
34 澪つくし
0%
35 いちばん太鼓
0%
36 はね駒
0%
37 都の風
0%
38 チョッちゃん
0%
39 はっさい先生
0%
40 ノンちゃんの夢
0%
41 純ちゃんの応援歌
0%
42 青春家族
0%
43 和っこの金メダル
0%
44 凛凛と
0%
45 京、ふたり
0%
47 おんなは度胸
0%
49 ええにょぼ
0%
50 かりん
0%
51 ぴあの
0%
53 走らんか!
0%
56 あぐり
0%
57 甘辛しゃん
0%
58 天うらら
0%
59 やんちゃくれ
0%
61 あすか
0%
65 ほんまもん
0%
68 こころ
0%
69 てるてる家族
0%
70 天花
0%
71 わかば
0%
72 ファイト
0%
74 純情きらり
0%
78
0%
116 巡るスワン
0%
No matching quizzes found
Score Distribution
Percent of People with Each Score
Percentile by Number Answered
Your Score History
You have not taken this quiz since the last reset